Steam, air, and gas power
Spremljeno u:
| Glavni autor: | |
|---|---|
| Format: | Knjiga |
| Jezik: | Undetermined |
| Izdano: |
New York
John Wiley & Sons ,Inc
1954
|
| Teme: | |
| Oznake: |
Dodaj oznaku
Bez oznaka, Budi prvi tko označuje ovaj zapis!
|
| Thư viện lưu trữ: | Trung tâm Học liệu Trường Đại học Cần Thơ |
|---|
| LEADER | 00505nam a2200181Ia 4500 | ||
|---|---|---|---|
| 001 | CTU_81448 | ||
| 008 | 210402s9999 xx 000 0 und d | ||
| 082 | |a 621.1 | ||
| 082 | |b S498 | ||
| 100 | |a Severns, William H. | ||
| 245 | 0 | |a Steam, air, and gas power | |
| 245 | 0 | |c William H. Severns | |
| 260 | |a New York | ||
| 260 | |b John Wiley & Sons ,Inc | ||
| 260 | |c 1954 | ||
| 650 | |a Compressed air,Steam engineering | ||
| 904 | |i Trọng Hải | ||
| 980 | |a Trung tâm Học liệu Trường Đại học Cần Thơ | ||